Flags for Initial Letters - E - Statistics

General Stats
  • This quiz has been taken 28 times
  • The average score is 7 of 8
Answer Stats
Picture Answer % Correct
Estonia
100%
Ecuador
96%
Ethiopia
96%
Egypt
93%
El Salvador
89%
Eritrea
85%
Eswatini
81%
Equatorial Guinea
78%
No matching quizzes found
Score Distribution
Percent of People with Each Score
Percentile by Number Answered
Your Score History
You have not taken this quiz